000 00624nam a2200121Ia 4500
008 220615s9999||||xx |||||||||||||| ||und||
245 0 _aTechnology and Film Scholarship: Experience, Study, Theory
546 _aEnglish[eng]
650 _aThe arts: general issues||Electronic, holographic & video art||Film history, theory & criticism
700 _aHidalgo, Santiago||Gaudreault, André
856 _uhttps://library.oapen.org/bitstream/20.500.12657/24458/1/1005657.pdf||https://library.oapen.org/bitstream/20.500.12657/24458/1/1005657.pdf||https://library.oapen.org/bitstream/20.500.12657/24458/1/1005657.pdf
942 _cEB
999 _c17049
_d17049